Ethics in action-Vol. 2, no. 5 (October 2008) (Record no. 4768)

MARC details
000 -LEADER
fixed length control field 00307nam a2200109 4500
008 - FIXED-LENGTH DATA ELEMENTS--GENERAL INFORMATION
fixed length control field 240219b |||||||| |||| 00| 0 eng d
942 ## - ADDED ENTRY ELEMENTS (KOHA)
Item Type Periodicals
245 ## - TITLE STATEMENT
Title Ethics in action-Vol. 2, no. 5 (October 2008)
260 ## - PUBLICATION, DISTRIBUTION, ETC. (IMPRINT)
Place of Publication Hong Kong :
Name of Publisher Asian human rights commission,
Date of Copyright 2008
300 ## - PHYSICAL DESCRIPTION
Physical Details 44 p.
650 ## - SUBJECT ADDED ENTRY--TOPICAL TERM
Topical Term Islam -- Ethics
Holdings
Withdrawn status Lost status Source of classification or shelving scheme Damaged status Not for loan Permanent location Current location Date acquired Total Checkouts Full call number Barcode Date last seen Price effective from Koha item type
    Dewey Decimal Classification     Resource center, Muslim Women's Research And Action Forum Resource center, Muslim Women's Research And Action Forum 2024-02-19   174 ETH RAF5051 2024-02-19 2024-02-19 Periodicals

Copyright © 2023 Muslim Women's Research and Action Forum (MWRAF), No 27/3, Anderson Road, Kalubowila, Dehiwela. Funded by The Asia Fundation